| 000 | 00861nam a2200253 i 4500 | ||
|---|---|---|---|
| 001 | C2-0238872 | ||
| 003 | PPAK | ||
| 005 | 20210202042409.0 | ||
| 008 | 020430s my |||| ||||| | may d | ||
| 022 | _a1394-6463 | ||
| 040 |
_aPPAK _beng _cPPAK _erda |
||
| 082 | 0 | 4 |
_a657.74021 _223 |
| 090 | 0 | 0 |
_a657.74021 _bMAL _dR |
| 110 | 2 | _aMalaysia, Jabatan Perangkaan Malaysia | |
| 245 | 0 | 0 |
_aLaporan imbangan pembayaran suku tahunan Malaysia : Quartely balance of payments report Malaysia _bSuku tahun keempat 2001 : Fourth quarter 2001 |
| 264 | 1 |
_aKuala Lumpur : _bJabatan Perangkaan Malaysia , _cApril 2002 |
|
| 300 |
_c29 cm _aj. _bil. |
||
| 336 |
_2rdacontent _atext |
||
| 337 |
_2rdamedia _aunmediated |
||
| 338 |
_2rdacarrier _avolume |
||
| 650 | 1 | 0 | _aAccounting - Periodicals |
| 710 | 2 |
_aMalaysia, Jabatan Perangkaan Malaysia _eorganizer |
|
| 942 |
_cB _2ddc |
||
| 999 |
_c54182 _d54182 |
||